00754 a2200217 4500010001400000020002300014035001300037037001600050082001000066090001700076100001700093245006400110260004600174270006100220300002900281490002700310500002100337942002600358999001700384952013500401 aENG-90093 a1403928509c265.00 aEN-73626 bDBAD / PUB14a005.8 c12317d123171 aFadia, Ankit1 aAn ethical guide to hacking mobile phones /cby Ankit Fadia aNew DelhibMacmillan Indiac2005 (repr.) a2/10, Ansari Road, Daryaganj,bNew Delhie110002cDelhi axii, 188p.c22 cm (pbk) aEthical hacking series aIncludes index adplcENk 005.8 / FAD c11962d11962 00102ddc40718NFICaDBADbDBADeDBAD/PUBg265.00l0o005.8 FADpEN-73626r2008-09-15 00:00:00t1u13080v265.00w2008-09-15yEN